000
00236nam a2200097Ia 4500
001
718529
005
20250826163025.0
008
250824s9999 xx 000 0 und d
245
0
_a
SARI GELİN
_c
ORHAN YENİARAS
260
_b
PANAMA YAYINLARI
999
_c
718529
_d
718529